000 00592nam a2200217Ia 4500
003 OSt
005 20230504163651.0
008 210423s2020 xx 000 0 und d
020 _a978-1-138-68133-0
040 _cAL
041 _aeng
082 _a175
_223
_bWILR
100 _aWILKINS (Lee);CHRISTIANS (Chifford (G)
_998010
245 _aRoutledge handbook handbook of mass media ethics Ed 2
250 _a2
260 _aNew York
_bRoutledge
_c2020
300 _axv,534
_bPB
365 _b6244.96
_cINR
906 _aethics ; handbook ; mass ; media ; Routledge
942 _2ddc
_cBK
999 _c170931
_d170931